| 000 | 00760nam a22002417a 4500 | ||
|---|---|---|---|
| 003 | UA-OsUOA | ||
| 001 | 117071 | ||
| 007 | ta | ||
| 008 | 20160422b un ||||| |||| 00| 0 ukr d | ||
| 100 | _aНужний Є. М. | ||
| 090 |
_a004.65(075.8) _bН88 |
||
| 942 | _cBK | ||
| 040 |
_aUA-OsUOA _bukr _cUA-OsUOA _dUA-OsUOA |
||
| 245 |
_aІнструментальні засоби електронного офісу _bнавчальний посібник _cІ. В. Клименко, О. О. Акімов |
||
| 300 | _a296 с. | ||
| 955 | _a2 | ||
| 041 | _aukr | ||
| 080 | _a004.65(075.8) | ||
| 020 | _a978-617-673-447-5 | ||
| 260 |
_aК. _bЦУЛ _c2016 |
||
| 650 | 7 |
_a00 Загальні питання науки і культури _2UDC |
|
| 999 |
_c403079 _d403079 |
||